000 00564nam a2200229Ia 4500
005 20250425162754.0
008 250425s9999 xx 000 0 und d
041 _aspa
043 _aec
082 _a398.2
100 _aCORNEJO, JUSTINO
245 0 _aLA VOZ DE LA TIERRA
250 _aS.E.
260 _aEcuador
_bBIBLIOTECA MUNICIPAL DE SANTIAGO DE GUAYAQUIL
_c2004
260 _aGUAYAQUIL
300 _a358
650 _aCOSTUMBRES-ECUADOR
650 _aFOLKLORE-ECUADOR
650 _aMITOS Y LEYENDAS-ECUADOR
942 _c01
010 _a107441
999 _c236107
_d236107